00318nam a22001217a 450000500170000002000220001703500120003903700130005110000160006424500570008026000370013730000220017420120501144946.0 a8171322522c00.00 aB-42565 aDPLbENG aSahu, Asima aWomen's liberation and human rights /cby Asima Sahu aJaipurbPointer Publishersc2000 av, 216p.c20 cms.